000 00643nam a2200229Ia 4500
005 20260320201839.0
008 008 262003s9999 xx 000 0 eng d
037 _aEBOOK
040 _aCRL
040 _beng
040 _cCRL
041 _2eng
041 _aeng
084 _qCRL
100 _aAG
_91136018
245 0 _aEnterprise-Grade Hybrid and Multi-Cloud Strategies: Proven strategies to digitally transform your business with hybrid and multi-cloud solutions
260 _bIEEE
856 _uhttps://ieeexplore.ieee.org/servlet/opac?bknumber=10769335
942 _cEBOOK
999 _c1723872
_d1723872